Loading...
| Philosophy | 0 | 8 | 0 | 1 | 80 | 93 | 116.13 | 0 | 1 |
| Science - Physics | 0 | 5 | 1 | 0 | 45 | 94 | 117.80 | 0 | 0 |
| History - Other History | 0 | 4 | 0 | 0 | 40 | 50 | 94.25 | 1 | 2 |
| Religion | 0 | 3 | 0 | 0 | 30 | 68 | 98.00 | 0 | 1 |
| History - American History | 0 | 2 | 0 | 1 | 20 | 129 | 133.00 | 0 | 0 |
| Social Science | 0 | 2 | 0 | 0 | 20 | 123 | 124.50 | 0 | 0 |
| Science - Biology | 0 | 2 | 1 | 1 | 15 | 114 | 124.50 | 0 | 0 |
| Literature - European Literature | 0 | 1 | 0 | 0 | 10 | 147 | 147.00 | 0 | 0 |
| Fine Arts - Painting & Sculpture | 0 | 1 | 0 | 0 | 10 | 116 | 116.00 | 0 | 0 |
| Geography | 0 | 1 | 0 | 1 | 10 | 136 | 136.00 | 0 | 0 |
| History - European History | 0 | 1 | 0 | 0 | 10 | 139 | 139.00 | 0 | 0 |
| History - World History | 0 | 1 | 0 | 0 | 10 | 132 | 132.00 | 0 | 0 |
| Mythology | 0 | 1 | 0 | 1 | 10 | 117 | 117.00 | 0 | 0 |
| Other Academic | 0 | 1 | 0 | 1 | 10 | 138 | 138.00 | 0 | 0 |
| Science - Chemistry | 0 | 1 | 0 | 0 | 10 | 131 | 131.00 | 0 | 0 |
| Science - Other Science | 0 | 1 | 0 | 1 | 10 | 131 | 131.00 | 0 | 0 |
| Current Events | 0 | 1 | 1 | 0 | 5 | 126 | 126.00 | 0 | 0 |
| Fine Arts - Classical Music | 0 | 0 | 0 | 0 | 0 | 0.00 | 0 | 0 | |
| Fine Arts - Other Fine Arts | 0 | 0 | 0 | 0 | 0 | 0.00 | 0 | 0 |